| 000 | 01650cam a2200313 a 4500 | ||
|---|---|---|---|
| 001 | 15074304 | ||
| 005 | 20090828072019.0 | ||
| 008 | 071107s2008 enk |rb 001 0 eng | ||
| 010 | _a 2007046151 | ||
| 020 | _a9780415448499 (pbk.) | ||
| 035 | _a(OCoLC)181368794 | ||
| 035 | _a(OCoLC)ocn181368794 | ||
| 040 |
_aDLC _cDLC _dBAKER _dBTCTA _dYDXCP _dBWKUK _dBWK _dCDX _dBWX _dDLC |
||
| 050 | 0 | 0 |
_aHM753 _b.J46 2008 |
| 082 | 0 | 0 |
_a305.01 _222 _bJEN |
| 100 | 1 |
_aJenkins, Richard, _d1952- _913160 |
|
| 245 | 1 | 0 |
_aSocial Identity / _cRichard Jenkins. |
| 250 | _a3rd ed. | ||
| 260 |
_aLondon ; _aNew York : _bRoutledge, 2008 _c2008. |
||
| 300 |
_ax, 246 p. ; _c21 cm. |
||
| 490 | _aKey Ideas | ||
| 504 | _aIncludes bibliographical references (p. [207]-237) and index. | ||
| 505 | 0 | _aIdentity matters -- Similarity and difference -- A sign of the times? -- Understanding identification -- Selfhood and mind -- Embodied selves -- Entering the human world -- Self-image and public image -- Groups and categories -- Beyond boundaries -- Symbolising belonging -- Predictability -- Institutionalising identification -- Organising identification -- Categorisation and consequences -- Identity and modernity revisited. | |
| 650 | 0 |
_aGroup identity. _913161 |
|
| 856 | 4 | 1 |
_3Table of contents only _uhttp://www.loc.gov/catdir/toc/ecip084/2007046151.html |
| 942 |
_2ddc _cBB |
||
| 999 |
_c13793 _d13793 |
||